000 00623nam a2200169Ia 4500
008 180921t xxu||||| |||| 00| 0 sin d
041 _asin
080 _a613
_bTHE
245 _aතැලසීමියා රෝගය හා තැලසීමියා රෝග වාහක තත්ත්වය ගැන ඔබ දත යුතු දේ
246 _aTaelaseemeeyaa rogaya haa thaelaseemeeyaa roga vaahaka thathvaya gaena oba datha yuthu de
260 _bHealth and woman's affarirs
300 _a12p., 22 cm
650 _aThalassaemia
942 _cBK
999 _c15964
_d15964
003 LK-CoDNM
040 _aLK-CoDNM
_dLK-CoDNM
_eLK-CoDNM